000
00318nam a2200157Ia 4500
100
_a
Heller/ Dan
250
_a
V6
942
_c
BK
654
_a
computer
245
_a
Motif Programming Manual
260
_b
Oreilly & Ass Inc
_c
1991
082
_a
5.14
_b
HER
300
_a
990
546
_a
ENGLISH
999
_c
31840
_d
31840